Quick Pick: 'W' Video Game Characters Quiz Stats

 Plays Quiz not verified by Sporcle

Challenge
Share
Tweet
Embed
Score 0/12 Timer 01:00
0 Plays Today
% Correct
Wario
86%
Wood Man
72%
Wolf O'Donnell
65%
Wheatley
58.7%
Wakka
47.6%
The Woodsman
45.5%
Winston
39.2%
Wang Jinrei
37.8%
Wei Shen
37.1%
Willis Huntley
35.7%
Whisper
28.7%
Wu Zi Mu (Woozie)
25.9%

You're not logged in!

Compare scores with friends on all Sporcle quizzes.
OR
Log In

You Might Also Like...

Show Comments

Extras

Top Quizzes Today


Score Distribution

Your Account Isn't Verified!

In order to create a playlist on Sporcle, you need to verify the email address you used during registration. Go to your Sporcle Settings to finish the process.

Report this User

Report this user for behavior that violates our Community Guidelines.

Details: